Quizzes
Events
Quiz Creation
Community
Videos
Private Events
Remove Ads
Sign In
Join for FREE
Feedback
Dark Mode
Quiz Categories
Sports
Geography
Music
Movies
Television
Just For Fun
Miscellaneous
History
Literature
Language
Science
Gaming
Entertainment
Religion
Holiday
For Kids
Quiz Lab
Recent
Popular Today
Quiz Kudos Today
Editor Picks
Curator Picks
Quizzes by...
Day
Popularity
Type
Ratings
Length
Year
Community
Subscriptions
Recent Discussions
Orange Saloon
Badges
Playlists
Quests
Create
Leaderboards
Showdown
Live 5
Trivia Bingo
Activity
Puzzle Library
Sporcle Events
Private Events
Virtual Trivia
Globe League
Become a Host
Pub Owners
SporcleCon
Opinionation
Our Games
Videos
Blog
Mobile Apps
Partnerships
Remove Ads and Go Orange
Feedback
Holiday
Halloween
Christmas
Holiday Songs
April Fools'
Thanksgiving
Valentine's Day
Easter
St Patrick's Day
National Holiday
Religious Holiday
Holiday
Halloween
Christmas
Holiday Songs
April Fools'
Thanksgiving
Valentine's Day
Easter
St Patrick's Day
National Holiday
Religious Holiday
Random Quiz
Search Sporcle
×
Curator Pick
Curator Pick
Holiday
Religious Holiday
Select answers by clicking on text or image buttons
Select answers by clicking on text or image buttons
Clickable
Best Score? Go Orange.
Christmas Movie Trivia Stats
Can you pick the movie that takes place during Christmas Time based on its trivia?
By
CGMFan1
5m
10 Questions
922 Plays
922 Plays
922 Plays
Comments
Comments
Give Quiz Kudos
Give Quiz Kudos
-
- Ratings
hide this ad
Forced Order
Answers have to be entered in order
Answers have to be entered in order
Random Order
Randomize order of answers
Randomize order of answers
Replay
Link that replays current quiz
Next Quiz
Link to next quiz in quiz playlist
You Got
0%
They Got
Avg Score
62%
Avg Friend Score
Upgrade to see
Score Distribution
Jump to the score distribution portion of the page
Score
0/10
Timer
05:00
0
Plays Today
% Correct
Die Hard
87.9%
A Christmas Story
82.1%
Miracle on 34th Street
73.5%
It's a Wonderful Life
68.8%
Rudolph the Red-Nosed Reindeer
68%
How the Grinch Stole Christmas
65.8%
Lethal Weapon
55%
White Christmas
54.6%
Christmas Vacation
37.1%
Christmas with the Kranks
28.4%
Quiz Playlist
Details
Report
Send in Message
Add To Playlist
Clickable:
Select answers by clicking on text or image buttons
Forced Order:
Answers have to be entered in order
Random Order:
Randomize order of answers
Last Updated: Jun 29, 2017
Curator Pick in
Religious Holiday
Quiz Scoreboard
CHALLENGE
Sign Up to Join the Scoreboard
Show All
Scores
Hide
Comments
May contain spoilers
Recently Published
9x9 Crossword: Cartoon Network
by jackfrog10
Miscellaneous
3m
College Basketball Coaching Resumes
by pancakes188
Sports
9m
Billboard Blitz: Fleetwood Mac
by CooCooCachoo
Music
15s
More to Explore
Quiz From the Vault
Featured Blog Post
Where Did the Easter Bunny Come From?
hide this ad
You Might Also Like...
Tags
Christmas Quiz
Clickable Quiz
Religious Holiday Quiz
place
Trivia
Today's Top Quizzes in Holiday
Browse Holiday
hide this ad
Today's Top Quizzes in Religious Holiday
Browse Religious Holiday
Top Contributed Quizzes in Holiday
1
5-to-1: Holiday Songs
2
5-to-1: Thanksgiving
3
Easter - Did You Know?
4
Word Ladder: Four Leaf Clover
5
Show What You Know: US Federal Holidays
6
3-per Word Ladder: Listen Up!
7
Slices of Holidays
8
Holidays Spelling Bee
9
Who Does Mariah Carey Want For Christmas?
10
The Holiday Category, A to Z
Explore More
Trending Topics
Anime
NBA
Harry Potter
Disney
Marvel
Crossword
Kpop
WWE
Country
The Office
NFL
Pokémon
Puzzle
Soccer
Song
hide this ad
More By:
CGMFan1
Quiz
Plays
Rating
Category
Featured
Created
IMDb: One Word Movie
35,328
4.61
Movies
Jan 5, 2019
McDonald's First Menu
22,371
4.67
Miscellaneous
Feb 25, 2018
Country Leadership Flags
19,202
4.66
Geography
Dec 16, 2016
Superhero NFL Logos
18,971
4.29
Sports
Sep 21, 2017
Bond: Impossible
17,224
4.54
Movies
Jan 1, 2019
Go to Creator's Profile
Score Distribution
Quiz Creator Spotlight
CGMFan1
Follow
Send a Message
Quizzes Created
-
Created Quiz Play Count
-
More By This Creator
Popular Quizzes Today
1
Find the US States - No Outlines Minefield
2
Find the Countries of Europe - No Outlines Minefield
3
The Countries of the World
4
Find the US States
5
Risky Map Clicking: Biggest States A-Z
6
US States
7
Popular People in 1961
8
Movies - When Are They Set?
More Holiday Quizzes
April Fools' Zebra Puzzle
Editor's Pick
Trending Quizzes
Risky Map Clicking: Least Populous States A-Z
1-10 Letter G Words
1-10 Letter F Words
Risky Map Clicking: Next State Alphabetically
Adjectives in 80s TV Shows
Recently Updated
Leaping Animals
pecheneg
Reality TV Shows (A-Z)
bhenderson79
Rickey Henderson's Hall of Fame Teammates
pecheneg
Champions League XIs: Arsenal
pecheneg
Quick Pick: Celebrities in WWE's Hall of Fame
aduchscher
A-Z Keypad Blitz II
pecheneg
Multiple Oscar Actors
pecheneg
Mystery Phrase Blitz: Oscar 'Best Actors'
pecheneg
F. Scott Fitzgerald Novels
LTH
Pick 3 Villains
ddd62291
Trending Topics
Marvel
Harry Potter
Crossword
NBA
Disney
Kpop
Anime
Pokémon
The Office
Soccer
Puzzle
NFL
WWE
Country
Song
Your Account Isn't Verified!
In order to create a playlist on Sporcle, you need to verify the email address you used during registration. Go to your
Sporcle Settings
to finish the process.
Report this User
Report this user for behavior that violates our
Community Guidelines
.
Details:
Send Report
Go to the Sporcle.com Mobile Site →
Comments